000 00285nam a2200121Ia 4500
005 20251222143146.0
008 251222s9999||||xx |||||||||||||| ||spa||
082 _a421.55/A38
100 _aAlderson, J. Charles
245 0 _aExámenes de Idiomas:
264 _bCambridge
942 _cLIB
999 _c12487
_d12487